Přehlížení intrik a lží může zničit firmu

Tolerovať problém s neetickým chovaním svojich zamestnancov sa nevypláca. Najčastejšie prehrešky proti etike v práci. Etické normy v podniku môžu významne ovplyvniť personalisti.

Gespeichert in:
Bibliographische Detailangaben
1. Verfasser: Červenková, Alena
Format: Buchkapitel
Sprache:Tschechisch
Schlagworte:
Tags: Tag hinzufügen
Keine Tags, Fügen Sie das erste Tag hinzu!

MARC

LEADER 00000naa a2200000 4500
001 0161304
005 20231113133051.5
041 0 |a cze 
044 |a CZ 
245 1 0 |a Přehlížení intrik a lží může zničit firmu  |c Alena Červenková 
520 |a Tolerovať problém s neetickým chovaním svojich zamestnancov sa nevypláca. Najčastejšie prehrešky proti etike v práci. Etické normy v podniku môžu významne ovplyvniť personalisti. 
610 2 0 |a etika podniková 
610 2 0 |a zamestnanci 
610 2 0 |a personalisti 
100 1 |a Červenková, Alena